ပိုၼ်းၼွင်မွၼ် / (Record no. 25046)
[ view plain ]
| 000 -LEADER | |
|---|---|
| fixed length control field | 01029nam a22002537a 4500 |
| 003 - CONTROL NUMBER IDENTIFIER | |
| control field | OSt |
| 005 - DATE AND TIME OF LATEST TRANSACTION | |
| control field | 20260122192437.0 |
| 008 - FIXED-LENGTH DATA ELEMENTS--GENERAL INFORMATION | |
| fixed length control field | 230601b ||||| |||| 00| 0 eng d |
| 040 ## - CATALOGING SOURCE | |
| Transcribing agency | SSBUL |
| 041 ## - LANGUAGE CODE | |
| Language code of text/sound track or separate title | Shan |
| 082 ## - DEWEY DECIMAL CLASSIFICATION NUMBER | |
| Edition number | 23 |
| Classification number | 959.116 |
| Item number | သု |
| 100 0# - MAIN ENTRY--PERSONAL NAME | |
| Personal name | သုတသ်သၼႃၽိပႃလ၊ |
| Titles and words associated with a name | ၸဝ်ႈၶူး။ |
| 245 10 - TITLE STATEMENT | |
| Title | ပိုၼ်းၼွင်မွၼ် / |
| Statement of responsibility, etc. | ၸဝ်ႈၶူးသုတသ်သၼႃၽိပႃလ |
| 260 ## - PUBLICATION, DISTRIBUTION, ETC. | |
| Place of publication, distribution, etc. | တႃႈၵုင်ႈ၊ |
| Name of publisher, distributor, etc. | ဢေး၊ |
| Date of publication, distribution, etc. | 2018 ။ |
| 300 ## - PHYSICAL DESCRIPTION | |
| Extent | A 37၊ 225 ၼႃႈ၊ |
| Other physical details | ပႃးၶႅပ်းႁၢင်ႈ၊ |
| Dimensions | 2018 ။ |
| 500 ## - GENERAL NOTE | |
| General note | S-SAT: Dr. Prof Sai Aung Tun |
| General note | ပႃးပပ်ႉၸဝ်ႈတႃႇၼႁင်းၶေႃတွၵ်ႉတိူဝ်ႇၸၢႆးဢွင်ႇထုၼ်း (3) ပပ်ႉ |
| 504 ## - BIBLIOGRAPHY, ETC. NOTE | |
| Bibliography, etc. note | ပႃးၽိုၼ်ဢိင် |
| 650 ## - SUBJECT ADDED ENTRY--TOPICAL TERM | |
| Topical term or geographic name entry element | ပိုၼ်းၼွင်မွၼ် |
| 942 ## - ADDED ENTRY ELEMENTS (KOHA) | |
| Koha item type | Books (Long term) |
| 100 0# - MAIN ENTRY--PERSONAL NAME | |
| 9 (RLIN) | 24932 |
| 650 ## - SUBJECT ADDED ENTRY--TOPICAL TERM | |
| 9 (RLIN) | 24933 |
| Source of classification or shelving scheme | |
| Source of classification or shelving scheme | |
| Source of classification or shelving scheme | |
| Withdrawn status | Lost status | Source of classification or shelving scheme | Damaged status | Not for loan | Collection Code | Permanent Location | Current Location | Shelving location | Date acquired | Total Checkouts | Full call number | Barcode | Date last seen | Copy number | Price effective from | Koha item type | Accession |
|---|---|---|---|---|---|---|---|---|---|---|---|---|---|---|---|---|---|
| Tai Collection | Shan State Buddhist University Library | Shan State Buddhist University Library | Tai Shelves | 01/06/2023 | 959.116 သု 1461 | SH00001461 | 01/06/2023 | 1 | 01/06/2023 | Books (Long term) | ႑႔႖႑ | ||||||
| Special Collections | Shan State Buddhist University Library | Shan State Buddhist University Library | Special Collection Shelves | 01/06/2023 | 959.116 သု ႒႓႗႘(1)(S-SAT) | SH00002378 | 01/06/2023 | 2 | 01/06/2023 | Book (Short term) | ႒႓႗႘(1)(S-SAT) | ||||||
| Special Collections | Shan State Buddhist University Library | Shan State Buddhist University Library | Special Collection Shelves | 01/06/2023 | 959.116 သု ႒႔႙႓(2)(S-SAT) | SH00002493 | 01/06/2023 | 3 | 01/06/2023 | Book (Short term) | ႒႔႙႓(2)(S-SAT) | ||||||
| Special Collections | Shan State Buddhist University Library | Shan State Buddhist University Library | Special Collection Shelves | 01/06/2023 | 959.116 သု ႒႔႙႔(3)(S-SAT) | SH00002494 | 01/06/2023 | 4 | 01/06/2023 | Book (Short term) | ႒႔႙႔(3)(S-SAT) | ||||||
| Tai Collection | Shan State Buddhist University Library | Shan State Buddhist University Library | Tai Shelves | 22/09/2023 | 959.116 သု ႒႘႐႔ | SH00002804 | 22/09/2023 | 5 | 22/09/2023 | Books (Long term) | ႒႘႐႔ | ||||||
| Tai Collection | Shan State Buddhist University Library | Shan State Buddhist University Library | Tai Shelves | 22/09/2023 | 959.116 သု ႒႘႔႓ | SH00002843 | 22/09/2023 | 6 | 22/09/2023 | Books (Long term) | ႒႘႔႓ |